书目信息 |
| 题名: |
鄂西武陵山区民宿选址布局研究
|
|
| 作者: | 王通 , 毛颖俊 , 宋阳 著 | |
| 分册: | ||
| 出版信息: | 武汉 华中科技大学出版社 2020.10 |
|
| 页数: | 185页 | |
| 开本: | 24cm | |
| 丛书名: | 生态城乡与绿色建筑研究丛书 | |
| 单 册: | ||
| 中图分类: | TU247.4 | |
| 科图分类: | ||
| 主题词: | 山区--shan qu--旅馆--选址--布局--研究--湖北 | |
| 电子资源: | ||
| ISBN: | 978-7-5680-6532-0 | |
| 000 | 01427nam 2200313 450 | |
| 001 | CAL Rt949-0447 | |
| 005 | 20201027175146.1 | |
| 010 | @a978-7-5680-6532-0@dCNY78.00 | |
| 100 | @a20201027d2020 em y0chiy0120 ea | |
| 101 | 0 | @achi |
| 102 | @aCN@b420000 | |
| 105 | @aak a 000yy | |
| 106 | @ar | |
| 200 | 1 | @a鄂西武陵山区民宿选址布局研究@Ae xi wu ling shan qu min su xuan zhi bu ju yan jiu@d= Rural homestay location planning for Wuling mountain area in west Hubei@f王通, 毛颖俊, 宋阳著@zeng |
| 210 | @a武汉@c华中科技大学出版社@d2020.10 | |
| 215 | @a185页@c图 (部分彩图)@d24cm | |
| 225 | 2 | @a生态城乡与绿色建筑研究丛书@Asheng tai cheng xiang yu lv se jian zhu yan jiu cong shu |
| 300 | @a国家自然科学基金重点项目 | |
| 320 | @a有书目 | |
| 330 | @a本文以鄂西武陵山区的民宿选址布局问题为研究对象, 通过民宿发展概况的分析, 鄂西武陵山区民宿旅游问题与需求的分析, 民宿选址问题的研究, 民宿选址指标因子的论证, 民宿选址的空间分布规律的探究, 民宿选址预测模型的构建、验证和预测等内容展开对民宿选址的深入研究。 | |
| 410 | 0 | @12001 @a生态城乡与绿色建筑研究丛书 |
| 510 | 1 | @aRural homestay location planning for Wuling mountain area in west Hubei@zeng |
| 606 | 0 | @a山区@Ashan qu@x旅馆@x选址@x布局@x研究@y湖北 |
| 690 | @aTU247.4@v5 | |
| 701 | 0 | @a王通@Awang tong@4著 |
| 701 | 0 | @a毛颖俊@Amao ying jun@4著 |
| 701 | 0 | @a宋阳@Asong yang@4著 |
| 801 | 0 | @aCN@b人天书店@c20201027 |
| 905 | @aTSG@b0000315@dTU247.4@eW362@f2 | |
| 鄂西武陵山区民宿选址布局研究= Rural homestay location planning for Wuling mountain area in west Hubei/王通, 毛颖俊, 宋阳著.-武汉:华中科技大学出版社,2020.10 |
| 185页:图 (部分彩图);24cm.-(生态城乡与绿色建筑研究丛书) |
| 国家自然科学基金重点项目 |
| ISBN 978-7-5680-6532-0:CNY78.00 |
| 本文以鄂西武陵山区的民宿选址布局问题为研究对象, 通过民宿发展概况的分析, 鄂西武陵山区民宿旅游问题与需求的分析, 民宿选址问题的研究, 民宿选址指标因子的论证, 民宿选址的空间分布规律的探究, 民宿选址预测模型的构建、验证和预测等内容展开对民宿选址的深入研究。 |
| ● |
| 相关链接 |
|
|
|
正题名:鄂西武陵山区民宿选址布局研究
索取号:TU247.4/W362
 
预约/预借
| 序号 | 登录号 | 条形码 | 馆藏地/架位号 | 状态 | 备注 |
| 1 | 1531561 | 215315610 | 建筑库101/101建筑库 70排4列2层/ [索取号:TU247.4/W362] | 在馆 | |
| 2 | 1531562 | 215315629 | 建筑库101/101建筑库 70排4列2层/ [索取号:TU247.4/W362] | 在馆 |